[Event "Kragero Resort A 2020"]
[Site "Kragero"]
[Date "2020.02.21"]
[Round "6.26"]
[White "Tunsjo, Axel"]
[Black "Khachatryan, Vahagn"]
[Result "0-1"]
[WhiteElo "2035"]
[BlackElo "2276"]
[Annotator "ChessBase"]
[PlyCount "64"]
[EventDate "2020.02.19"]
[EventType "swiss"]
[EventCountry "NOR"]
[SourceTitle "playchess.com"]
[Source "ChessBase"]
[SourceQuality "1"]
[TimeControl "5400+30"]

1. e4 {[%emt 0:00:00]} Nf6 {[%emt 0:00:00]} 2. e5 {[%emt 0:00:26]} Nd5 {[%emt 0:00:00]} 3. d4 {[%emt 0:00:07]} d6 {[%emt 0:00:00]} 4. c4 {[%emt 0:00:16]} Nb6 {[%emt 0:00:00]} 5. exd6 {[%emt 0:00:08]} cxd6 {[%emt 0:00:00]} 6. Nc3 {[%emt 0:01:01]} g6 {[%emt 0:00:35]} 7. Be3 {[%emt 0:01:43]} Bg7 {[%emt 0:00:07]} 8. Rc1 {[%emt 0:00:10]} O-O {[%emt 0:00:08]} 9. Be2 {[%emt 0:01:48]} d5 {[%emt 0:04:20]} 10. c5 {[%emt 0:01:45]} Nc4 {[%emt 0:00:05]} 11. Bxc4 {[%emt 0:01:01]} dxc4 {[%emt 0:00:01]} 12. Nge2 {[%emt 0:00:40]} Nc6 {[%emt 0:03:20]} 13. O-O {[%emt 0:00:40]} Bf5 {[%emt 0:00:02]} 14. Nb5 {[%emt 0:11:38]} Bd3 {[%emt 0:18:48]} 15. Re1 {[%emt 0:00:31]} Qa5 {[%emt 0:03:10]} 16. Na3 {[%emt 0:01:31]} Qb4 {[%emt 0:02:06]} 17. d5 {[%emt 0:19:25]} Na5 {[%emt 0:12:47]} 18. Nxc4 {[%emt 0:18:23]} Bxc4 {[%emt 0:02:42]} 19. Qd2 {[%emt 0:00:04]} Qb5 {[%emt 0:13:50]} 20. Nc3 {[%emt 0:04:02]} Bxc3 {[%emt 0:07:43]} 21. Qxc3 {[%emt 0:00:59]} Bxd5 {[%emt 0:00:25]} 22. Bh6 {[%emt 0:00:15]} f6 {[%emt 0:00:03]} 23. Bxf8 {[%emt 0:00:28]} Kxf8 {[%emt 0:00:02]} 24. a4 {[%emt 0:02:40]} Qa6 {[%emt 0:16:06]} 25. Qd2 {[%emt 0:01:20]} e6 {[%emt 0:01:58]} 26. Qf4 {[%emt 0:01:51]} Kg7 {[%emt 0:00:43]} 27. Qc7+ {[%emt 0:00:38]} Kg8 {[%emt 0:00:15]} 28. Rcd1 {[%emt 0:00:22]} Nc6 {[%emt 0:01:05]} 29. h4 {[%emt 0:08:23]} Ne5 {[%emt 0:04:03]} 30. h5 {[%emt 0:04:56]} Qxa4 {[%emt 0:00:56]} 31. Qe7 {[%emt 0:08:34]} Rf8 {[%emt 0:04:06]} 32. Qd6 {[%emt 0:05:15]} Qg4 {[%emt 0:02:21]} 0-1

[Event "Kragero Resort A 2020"]
[Site "Kragero"]
[Date "2020.02.21"]
[Round "6.27"]
[White "Vitenberg, Noam Aviv"]
[Black "Pevar, Andrew"]
[Result "1-0"]
[WhiteElo "2276"]
[BlackElo "1998"]
[Annotator "NA"]
[PlyCount "35"]
[EventDate "2020.02.19"]
[EventType "swiss"]
[EventCountry "NOR"]
[SourceTitle "playchess.com"]
[Source "ChessBase"]
[SourceQuality "1"]
[TimeControl "5400+30"]

1. d4 {[%emt 0:00:00]} Nf6 {[%emt 0:00:00]} 2. Nf3 {[%emt 0:01:00]} c5 {[%emt 0:00:19]} 3. d5 {[%emt 0:00:33]} d6 {[%emt 0:00:19]} 4. c4 {[%emt 0:01:52]} e5 {[%emt 0:00:20]} 5. Nc3 {[%emt 0:00:49]} Be7 {[%emt 0:00:11]} 6. e4 {[%emt 0:00:48]} Nbd7 {[%emt 0:00:15]} 7. g3 {[%emt 0:00:35]} h6 {[%emt 0:06:21]} 8. Bg2 {[%emt 0:00:17]} Nh7 {[%emt 0:00:52]} 9. Be3 {[%emt 0:01:29]} Bg5 {[%emt 0:00:45]} 10. Nxg5 {[%emt 0:00:23]} hxg5 {[%emt 0:00:33]} 11. h4 {[%emt 0:04:03]} gxh4 {[%emt 0:02:07]} 12. Rxh4 {[%emt 0:00:14]} Ndf6 {[%emt 0:04:20]} 13. Bg5 {[%emt 0:03:42]} Bd7 {[%emt 0:01:40]} 14. Qe2 {[%emt 0:01:14]} Qe7 {[%emt 0:03:44]} 15. O-O-O {[%emt 0:00:31]} O-O-O {[%emt 0:00:14]} 16. Rdh1 {[%emt 0:01:36]} Nxg5 {[%emt 0:06:56]} 17. Rxh8 {[%emt 0:00:12]} Ne8 {[%emt 0:00:31]} 18. f4 {[%emt 0:00:42]} 1-0

[Event "Kragero Resort A 2020"]
[Site "Kragero"]
[Date "2020.02.21"]
[Round "6.28"]
[White "Aarnes, Eirik"]
[Black "Sgircea, Silvia-Raluca"]
[Result "0-1"]
[WhiteElo "1884"]
[BlackElo "2275"]
[Annotator "TA"]
[PlyCount "106"]
[EventDate "2020.02.19"]
[EventType "swiss"]
[EventCountry "NOR"]
[SourceTitle "playchess.com"]
[Source "ChessBase"]
[SourceQuality "1"]

{[%evp 15,106,27,32,22,41,28,47,4,38,36,37,27,34,0,12,0,0,0,0,0,0,-18,-29,-24,-10,-39,-11,-83,-113,-108,-91,-84,-49,-58,-46,-82,-83,-160,-157,-187,-95,-172,-166,-162,-167,-145,-163,-147,-138,-200,-181,-209,-135,-130,-121,-138,-135,-145,-143,-215,-205,-387,-380,-397,-339,-511,-430,-502,-420,-431,-403,-496,-242,-222,-229,-200,-205,-312,-299,-1081,-1075,-29981,-29982,-29982,-29981,-29981,-29982,-29981,-29981,-29981,-29981,-29981,-29982]} 1. e4 c5 2. Nf3 Nc6 3. d4 cxd4 4. Nxd4 g6 5. Nc3 Bg7 6. Be3 Nf6 7. Bc4 Qa5 8. O-O O-O 9. Re1 {B35: Sicilian: Accelerated Dragon with 5 Nc3: main line.} d6 10. h3 Bd7 11. Bf1 {White is slightly better.} Rac8 12. Nb3 Qc7 13. Qd2 {[#]} Rfe8 $146 ({Predecessor:} 13... a6 14. a4 Nb4 15. a5 Qb8 16. Rac1 Be6 17. Bb6 d5 18. Nd4 Rfe8 19. Nxe6 fxe6 {½-½ (49) Valledor Pereira,D (1531)-Bykov,I (1478) Naumburg 2010}) 14. Bh6 Bh8 15. Nd5 Nxd5 16. exd5 Ne5 17. c3 b5 18. Qf4 Nc4 19. Re2 Qb7 20. Rd1 a5 {[%cal Ba7a5,Ba5a4,Ba4a3][%mdl 32]} 21. g4 (21. Qh4 $11 {remains equal.}) 21... a4 $17 22. Nc1 a3 $1 $36 {[%cal Ra3b2][%mdl 2048] White is under strong pressure.} 23. b3 Nb6 24. Bg2 Bxc3 25. Qg3 b4 26. Re4 (26. Re3 $142) 26... Bb5 27. Nd3 Bxd3 (27... Nxd5 $19 28. Nxb4 Nxb4 29. Rxb4 Qd7) 28. Rxd3 {[#]} (28. Qxd3 $17 Nd7 29. Rc4) 28... Nd7 $1 $19 ({Don't take} 28... Nxd5 29. Rc4 $15) 29. Re2 Be5 30. Qe3 Rc3 31. Rxc3 bxc3 32. f4 (32. Bf4 $17) 32... Bf6 33. f5 Qb6 34. Qxb6 Nxb6 35. Bc1 {[#]} Ra8 $1 36. fxg6 hxg6 37. Kf2 (37. Be3 $17 Rc8 38. Rc2) 37... Ra5 38. Ke1 $2 (38. Rc2) 38... Nxd5 39. Bxd5 Rxd5 40. Bxa3 {[%mdl 4096] Endgame KRB-KRB} (40. Rc2 $142) 40... Rd3 41. Bb4 Rxh3 42. Kd1 Kf8 43. a4 Rh1+ (43... d5 $142 {aiming for ...d4.} 44. Rf2 Ke8) 44. Kc2 Ra1 45. Kd3 Rb1 46. Kc4 (46. g5 $142 Be5 47. Kc4) 46... Rb2 47. Bxc3 $2 (47. Re1 c2 48. Bd2) 47... Rxe2 48. Bxf6 exf6 {KR-K3P. Black mates.} 49. a5 Ra2 50. b4 Ke8 51. Kb3 Ra1 52. Kb2 Re1 53. a6 Kd7 {Accuracy: White = 50%, Black = 76%.} 0-1

[Event "Kragero Resort A 2020"]
[Site "Kragero"]
[Date "2020.02.22"]
[Round "7.1"]
[White "Moiseenko, Vadim"]
[Black "Gharibyan, Mamikon"]
[Result "1/2-1/2"]
[WhiteElo "2550"]
[BlackElo "2405"]
[Annotator "TA"]
[PlyCount "45"]
[EventDate "2020.02.19"]
[EventType "swiss"]
[EventCountry "NOR"]
[SourceTitle "playchess.com"]
[Source "ChessBase"]
[SourceQuality "1"]

{[%evp 12,45,-6,-6,-6,-10,-8,-18,5,-39,-35,-73,-65,-61,-80,-66,-75,-70,-43,-43,-16,-18,-2,0,0,-9,-11,0,-8,-14,0,-30,-21,-43,-40,-31]} 1. d4 Nf6 2. c4 e6 3. Nc3 Bb4 4. e3 O-O 5. Nf3 d5 6. Bd2 b6 7. a3 Bd6 {E51: Nimzo-Indian: Rubinstein: 4...0-0 5 Nf3 d5.} 8. b4 dxc4 9. Bxc4 Bb7 {[#] The position is equal.} 10. Qc2 $146 ({Predecessor:} 10. Qe2 c5 11. bxc5 bxc5 12. dxc5 Bxc5 13. O-O Nbd7 14. Na4 Be7 15. Rfd1 Qc7 16. Rdc1 {½-½ (42) Ghaem Maghami,E (2556)-Yu,Y (2667) Sharjah 2014}) 10... Nbd7 {[%cal Bb8d7,Bd7e5,Be5f3][%mdl 32]} 11. e4 {[#]} c5 $1 {[%cal Rc5d4]} 12. dxc5 bxc5 13. b5 Ne5 14. Be2 Nxf3+ 15. Bxf3 Be5 16. O-O a6 17. Rab1 Nd7 18. Rfd1 Qh4 19. g3 Qf6 20. Bg2 Bd4 21. Be1 {[#] Threatens to win with e5!} (21. Rf1 $5 {[%cal Re4e5]} Ne5 22. Bf4 $11) 21... Ne5 22. Qe2 Rfd8 23. a4 {Accuracy: White = 80%, Black = 88%.} 1/2-1/2

[Event "Kragero Resort A 2020"]
[Site "Kragero"]
[Date "2020.02.22"]
[Round "7.3"]
[White "Hammer, Jon Ludvig"]
[Black "Mirzoev, Emil"]
[Result "1/2-1/2"]
[WhiteElo "2628"]
[BlackElo "2452"]
[Annotator "TA"]
[PlyCount "36"]
[EventDate "2020.02.19"]
[EventType "swiss"]
[EventCountry "NOR"]
[SourceTitle "playchess.com"]
[Source "ChessBase"]
[SourceQuality "1"]

{[%evp 15,36,23,30,27,67,70,71,64,67,12,18,20,23,5,18,0,0,0,4,-33,-11,-18,-2]} 1. d4 Nf6 2. c4 g6 3. g3 Bg7 4. Bg2 O-O 5. Nc3 d6 6. Nf3 c6 7. O-O Bf5 8. Re1 Ne4 9. Qb3 $1 {next Nh4 is good for White. 9.Qb3 scores better than 9.Nxe4. E62: King's Indian: Fianchetto: 6...c6 and Panno Variation (6...Nc6) without ...a6.} Qc7 10. g4 Nxc3 11. gxf5 {White is better.} ({Much worse is} 11. bxc3 Bxg4 12. h3 Bc8 $17) 11... Ne4 {[#]} 12. Bh3 $146 ({White should play} 12. Nh4 $1 $14 Nf6 13. c5) ({Predecessor:} 12. Nh4 Nf6 13. e4 Qb6 14. f4 Nfd7 15. Nf3 c5 16. fxg6 hxg6 17. d5 Qxb3 18. axb3 {1-0 (62) Kraemer,M (2506)-Nalbandian,T (2456) Dortmund 2011}) 12... Nd7 $11 13. Qc2 Ndf6 14. Bf4 Qd7 15. Ng5 Nxg5 16. Bxg5 d5 17. Bxf6 Bxf6 18. Rad1 e6 1/2-1/2

[Event "Kragero Resort A 2020"]
[Site "Kragero"]
[Date "2020.02.22"]
[Round "7.4"]
[White "Lie, Kjetil A."]
[Black "Seo, Jung Min"]
[Result "1/2-1/2"]
[WhiteElo "2523"]
[BlackElo "2424"]
[Annotator "TA"]
[PlyCount "87"]
[EventDate "2020.02.19"]
[EventType "swiss"]
[EventCountry "NOR"]
[SourceTitle "playchess.com"]
[Source "ChessBase"]
[SourceQuality "1"]

{[%evp 17,87,20,29,28,30,21,18,33,27,23,29,32,45,13,44,47,53,44,52,58,57,22,48,38,78,21,14,24,36,20,32,25,52,32,19,0,0,0,0,0,6,6,6,6,6,6,6,6,6,6,13,13,13,13,13,1,1,2,7,2,4,1,1,1,1,0,0,0,0,0,0,0]} 1. e4 e5 2. Nf3 Nc6 3. Bb5 a6 4. Ba4 Nf6 5. O-O Be7 6. d3 b5 7. Bb3 d6 8. a4 Bg4 9. c3 O-O 10. h3 {C84: Closed Ruy Lopez: Unusual White 6th moves.} Bd7 11. Re1 Na5 12. Bc2 c5 13. Nbd2 {[%cal Bb1d2,Bd2f1,Bf1e3][%mdl 32]} Qc7 14. Nf1 Rfb8 15. Bg5 b4 16. Ne3 {[#]} bxc3 $146 ({Predecessor:} 16... Qc8 17. d4 bxc3 18. bxc3 exd4 19. cxd4 cxd4 20. Nxd4 Nd5 21. Bxe7 Nxe7 22. Ndf5 Nxf5 23. exf5 {1-0 (31) Ivanov,A (2555)-Comp BP Chicago 1994}) 17. bxc3 h6 18. Bh4 Be6 19. d4 {Strongly threatening dxe5.} cxd4 20. cxd4 Nb3 21. Rb1 (21. Bxb3 $16 Bxb3 22. Qe2) 21... Nxd4 $1 $11 22. Nxd4 exd4 23. Qxd4 Rxb1 24. Rxb1 Ng4 {[#] And now ...Nxe3 would win.} 25. Bxe7 Nxe3 26. Qxe3 {The position is equal.} Qxc2 27. Rc1 Qxa4 28. Bxd6 Rc8 29. Rxc8+ Bxc8 30. Be5 Qc6 31. Bc3 Kh7 32. Qd4 {[%csl Gc3][%cal Rd4g7] [#]} Qg6 33. Kh2 Bb7 34. f3 h5 35. Qe5 Bc6 36. g4 hxg4 37. hxg4 Bb5 38. Kg2 f6 39. Qh2+ (39. Qd5 {looks sharper.} Qe8 40. Qf5+ Qg6 41. Kf2 Qxf5 42. gxf5 Bc6 43. Ke3) 39... Qh6 40. Qxh6+ Kxh6 41. f4 Kg6 42. Kf3 Kf7 43. f5 g6 44. fxg6+ {Accuracy: White = 92%, Black = 86%.} 1/2-1/2

[Event "Kragero Resort A 2020"]
[Site "Kragero"]
[Date "2020.02.22"]
[Round "7.5"]
[White "Chatalbashev, Boris"]
[Black "Kaasen, Tor Fredrik"]
[Result "1-0"]
[WhiteElo "2514"]
[BlackElo "2393"]
[Annotator "TA"]
[PlyCount "39"]
[EventDate "2020.02.19"]
[EventType "swiss"]
[EventCountry "NOR"]
[SourceTitle "playchess.com"]
[Source "ChessBase"]
[SourceQuality "1"]

{[%evp 9,39,16,60,65,65,65,56,55,45,18,29,26,32,16,91,69,74,71,114,119,233,229,260,255,534,512,524,513,992,794,990,987]} 1. c4 e5 2. Nc3 Nf6 3. g3 Nc6 4. Bg2 Bc5 5. Nf3 d5 {[#]} 6. Nxe5 $1 {[%mdl 576] Remove Defender, Decoy. A29: English Opening: Four Knights Variation with 4 g3.} Nxe5 7. d4 {[%mdl 64] [#] Double Attack} dxc4 $146 ({Predecessor:} 7... Nxc4 8. dxc5 c6 9. Qd4 O-O 10. b3 Na5 11. Bg5 Bf5 12. O-O Re8 13. b4 Nc4 {1-0 (33) Thorsson,B-Michas,J (1850) ICCF email 2014}) 8. dxc5 {Black must now prevent Qxd8+.White is slightly better.} Qe7 9. Bg5 {Black should prevent Nd5.} Qxc5 10. Bxf6 gxf6 11. Qd2 Bf5 (11... O-O $11 {remains equal.}) 12. Bxb7 $40 {[%mdl 128] White has some attack.} Rd8 13. Qf4 Rd4 14. Be4 ({Avoid the trap} 14. Qxf5 $2 Nd3+ 15. exd3 Qxf5 $19) 14... Bxe4 (14... Bg6 $16) 15. Nxe4 $18 Qb4+ 16. Kf1 Qxb2 $2 {[#]} (16... Qb7) 17. Nxf6+ {White is clearly winning.} Kd8 18. Qxe5 Qxa1+ (18... Rd2 $142 19. Qxb2 Rxb2) 19. Kg2 Qb2 20. Nd5 {Accuracy: White = 91%, Black = 33%.} 1-0

[Event "Kragero Resort A 2020"]
[Site "Kragero"]
[Date "2020.02.22"]
[Round "7.6"]
[White "Holm, Kristian Stuvik"]
[Black "Holleland, Sigve"]
[Result "1-0"]
[WhiteElo "2467"]
[BlackElo "2076"]
[Annotator "TA"]
[PlyCount "94"]
[EventDate "2020.02.19"]
[EventType "swiss"]
[EventCountry "NOR"]
[SourceTitle "playchess.com"]
[Source "ChessBase"]
[SourceQuality "1"]

{[%evp 24,94,82,62,98,98,95,98,100,98,112,109,96,97,102,90,116,113,117,118,117,115,120,114,118,90,94,70,68,70,79,77,84,79,214,202,458,442,448,447,29991,144,131,139,83,64,74,77,70,69,74,60,68,6,236,46,208,192,272,240,236,236,265,167,167,0,78,85,2633,-29986,372,358,29991]} 1. d4 Nf6 2. c4 c5 3. d5 b5 4. cxb5 a6 5. bxa6 Bxa6 6. Nc3 g6 7. e4 Bxf1 8. Kxf1 d6 9. Nf3 Bg7 10. g3 O-O 11. Kg2 Nbd7 12. a4 Qb6 13. Qc2 $1 {[%mdl 4] is recently more successful than 13.Qe2.} Rfb8 {A59: Benko/Volga Gambit: White castles by hand.} 14. Nb5 Ne8 15. Bg5 {[#]} h6 $146 {White is better.} ({Predecessor:} 15... Nc7 16. Nxc7 Qxc7 17. Rab1 Qb6 18. b3 Rb7 19. Nd2 Ne5 20. Bf4 Nd7 21. Nc4 Qa6 {1-0 (43) Sakaev,K (2594)-Nechaev,O (2358) Sochi 2016}) 16. Bd2 Nc7 17. Nxc7 Qxc7 18. Rab1 Qa7 19. b3 Rb6 20. a5 Rb5 21. b4 cxb4 22. Bxb4 Nc5 23. Bd2 $1 Qa6 24. Rxb5 Qxb5 25. Rb1 Qe2 26. Re1 $36 {[%mdl 2048] White has the initiative.} Qb5 $1 27. Re3 Rb8 28. Be1 Nb3 (28... h5 $16 {was called for.}) 29. Qc7 $1 $18 Rb7 $2 (29... Nd4 30. a6 (30. Qxe7 Nc2 $11) 30... Ra8) 30. Qc8+ Kh7 31. a6 Ra7 (31... Rb8 $18 32. Qc7 Nc5) 32. Qc6 $2 (32. Ng5+ hxg5 33. g4 Bh6 34. Rh3 $1 {[%mdl 512]} Qf1+ {[%mdl 64] Decoy} 35. Kxf1 Nd2+ 36. Kg2 Kg7 37. Rxh6 Ra8 38. Qxa8 f6 39. Qh8+ Kf7 40. Rh7#) 32... Qb8 $16 33. e5 dxe5 34. Qc4 Nd4 35. Nxd4 $1 exd4 36. Ra3 Be5 37. h4 h5 38. Bd2 (38. Rb3 $14 Qa8 39. Rb6) 38... Rc7 $2 (38... Qb1 $11 {and Black has nothing to worry.}) 39. Qd3 $2 (39. Qb3 $18 Qa7 40. Ba5) 39... Bd6 $2 {[#]} (39... Ra7 $1 $14) 40. Ra4 $1 $18 Qa8 (40... Be5 $142 41. Bb4 f6) 41. Rxd4 Bc5 42. Ra4 e6 43. Ra5 {Threatens to win with Bf4.} Bb6 44. Ra4 $2 (44. Ra2 $18) 44... exd5 (44... Bc5 $1 $11) 45. Bf4 $16 Rc3 $2 {[%mdl 8192]} (45... Ra7 $16) 46. Ra2 $4 {[%mdl 8192]} (46. Qxc3 $18 Kg8 47. Qe5 d4+ 48. Kh2) 46... Rc4 $4 {[%mdl 8192]} (46... Rxd3 {mates} 47. f3 d4 48. Rf2 Qxa6 49. g4 hxg4 50. h5 {[#]} Qb7 $1 {[%mdl 512]} 51. hxg6+ Kxg6 52. Kg1 Rxf3 53. Rxf3 Qxf3 54. Bc7 d3+ 55. Bxb6 d2 56. Bf2 d1=Q+ 57. Be1 Qxe1+ 58. Kh2 Qh3#) 47. Qf3 $18 d4 $2 {Accuracy: White = 67%, Black = 40%.} (47... Kg8 $18 48. a7 Bd4) 1-0

[Event "Kragero Resort A 2020"]
[Site "Kragero"]
[Date "2020.02.22"]
[Round "7.7"]
[White "Vrolijk, Liam"]
[Black "Salimova, Nurgyul"]
[Result "1/2-1/2"]
[WhiteElo "2501"]
[BlackElo "2372"]
[Annotator "TA"]
[PlyCount "69"]
[EventDate "2020.02.19"]
[EventType "swiss"]
[EventCountry "NOR"]
[SourceTitle "playchess.com"]
[Source "ChessBase"]
[SourceQuality "1"]

{[%evp 16,69,33,33,33,25,15,19,35,27,14,17,43,10,0,0,0,0,0,0,0,0,0,-2,0,0,23,0,33,-52,74,58,72,-70,-20,-10,-20,-80,-89,-95,-93,-90,-90,-82,-80,-131,-74,-78,-77,-119,-78,-79,-82,-97,0,-89]} 1. d4 Nf6 2. c4 g6 3. f3 d5 4. cxd5 Nxd5 5. e4 Nb6 6. Nc3 Bg7 7. Be3 O-O 8. Qd2 Nc6 9. O-O-O Qd6 {D70: Grünfeld: Unusual White 3rd moves (met by ...d5).} 10. Kb1 Rd8 {[%cal Rg7d4]} 11. Nb5 Qd7 {Threatening ...a6.} 12. d5 a6 $1 {[%cal Ra6b5]} 13. Nc3 Ne5 14. Bxb6 cxb6 15. f4 $1 {[%cal Rf4e5]} Ng4 {[#]} 16. e5 $146 ({Predecessor:} 16. h3 Bxc3 17. bxc3 Nf6 18. Bd3 Qa4 19. Bc2 Qa3 20. Ne2 Bd7 21. e5 Be6 22. exf6 Rxd5 23. Qxd5 Bxd5 24. Rxd5 exf6 {½-½ (51) Wojnar,M (2378)-Falatowicz,P (2030) ICCF email 2018}) 16... Bh6 $1 {White must now prevent ...Qf5+.} 17. h3 $1 {[%cal Rh3g4]} Nxe5 $1 18. g4 {[#]} Nc6 $1 $36 {[%mdl 2560] Black has the initiative.} 19. Qe3 (19. dxc6 Qxd2) 19... Na7 20. Nf3 Qd6 21. Ne5 Bd7 (21... Nb5 $5) 22. Qf3 (22. h4 $14) 22... Rac8 (22... Qb4 $1 $15 {stays ahead.} 23. f5 Qf4 24. Qxf4 Bxf4 25. Nxd7 Rxd7) 23. Ne4 $16 {[%mdl 1024] White has strong compensation.} Qb4 {And now ...f5 would win.} 24. Be2 (24. a3 $1 $16 {[%cal Ra3b4]} Qa4 25. Bc4 $1 {[%mdl 512]} Rxc4 26. b3 Qxa3 27. Nxc4) 24... Bg7 25. a3 Qa4 {Threatens to win with ...Bb5.} 26. Nc3 {[#]} (26. Rd2 $1 $11) 26... Rxc3 $1 $17 {[%mdl 512]} 27. Qxc3 {aiming for Qc7.} (27. bxc3 Qb3+) 27... Qxf4 28. Nd3 Qd6 29. Qb4 Nb5 30. Rhe1 {[#]} (30. Qxd6 $142 exd6 31. Rc1) 30... Bf6 (30... Nd4 $142 $1 31. Qxd6 exd6) 31. Qxd6 Nxd6 32. Bf3 Ba4 33. Rc1 Bb5 34. Red1 Ba4 35. Re1 {Accuracy: White = 66%, Black = 70%.} 1/2-1/2

[Event "Kragero Resort A 2020"]
[Site "Kragero"]
[Date "2020.02.22"]
[Round "7.8"]
[White "Miedema, David"]
[Black "Beerdsen, Thomas"]
[Result "0-1"]
[WhiteElo "2368"]
[BlackElo "2497"]
[Annotator "TA"]
[PlyCount "75"]
[EventDate "2020.02.19"]
[EventType "swiss"]
[EventCountry "NOR"]
[SourceTitle "playchess.com"]
[Source "ChessBase"]
[SourceQuality "1"]

{[%evp 11,75,0,8,8,11,13,0,-59,-50,-47,68,56,66,93,111,54,43,52,29,10,25,28,75,61,78,78,97,101,95,47,79,41,123,0,0,-100,-102,-98,-101,-118,-114,-117,-101,-104,-108,-251,-238,-245,-233,-308,-339,-271,-224,-221,-197,-434,-426,-484,-250,-484,-483,-540,-541,-539,-515,-29969]} 1. d4 Nf6 2. c4 e6 3. Nc3 Bb4 4. Qc2 O-O 5. e4 d5 6. e5 Ne4 7. a3 {E32: Nimzo-Indian: Classical (4 Qc2): 4...0-0.} Bxc3+ $1 8. bxc3 {Threatening Nh3.} c5 $1 9. Bb2 (9. Bd3 $11) 9... cxd4 $15 10. cxd4 Qa5+ ({Black should try} 10... Bd7 $15 11. Ke2 Qh4) 11. Ke2 $1 $14 f6 12. f3 Ng5 {[#]} 13. exf6 $146 ({Better is} 13. h4 $16 Nf7 14. exf6) ({Predecessor:} 13. h4 Nf7 14. exf6 gxf6 15. Kf2 Qc7 16. Bd3 Nd6 17. cxd5 Qxc2+ 18. Bxc2 exd5 19. Ne2 {½-½ (32) Rios,C (2445)-Leon Valdes,J (2361) Havana 2018}) 13... Rxf6 14. h4 Nf7 15. cxd5 Na6 16. Kf2 $36 {[%mdl 2048] White fights for an advantage.} Nc7 17. Bd3 Nxd5 18. Bxh7+ Kh8 19. Bd3 Bd7 20. Nh3 Rc8 21. Qe2 Qb6 (21... e5 $14) 22. Kg1 ({White should play} 22. Rab1 $16) 22... e5 $1 $11 {aiming for ...Bxh3.} 23. Qf2 {[#]} (23. Rb1 $11 {remains equal.}) 23... Bxh3 $1 $17 24. dxe5 Qxf2+ 25. Kxf2 Rb6 26. Bd4 Rb3 27. Be4 Be6 28. Bxa7 {White does not recover from this.} (28. Rhb1 $17 {might work better.} Nc3 29. Bxc3 Rcxc3 30. Rxb3 Rxb3 31. Rd1) 28... Nc3 $19 ({Don't play} 28... Nxe5 29. Rhe1 $19) 29. Rhe1 b6 (29... Nxe5 30. Kg3) 30. Re3 Nxe4+ ({Don't take} 30... Nxe5 31. Bb7 $19) 31. fxe4 {and the idea Rxb3 leaves White hopeful.} Rxe3 ({Resist} 31... Nxe5 32. Rxb3 Bxb3 33. Bxb6 $19) 32. Kxe3 Nxe5 33. Rb1 $2 {[#]} (33. Kf2 {was called for.}) 33... Nc4+ 34. Kd4 Rd8+ 35. Kc3 Ra8 {Black is clearly winning.} 36. Bxb6 Rb8 37. a4 Nxb6 38. g3 {Accuracy: White = 51%, Black = 82%.} (38. Kd4 $19 Ba2 39. Rb4) 0-1